Thor movies quiz - Statistics

General Stats
  • This quiz has been taken 252 times
  • The average score is 17 of 48
Answer Stats
Hint Answer % Correct
Thor Main character of the film Thor
99%
Actor who plays above Chris Hemsworth
93%
The adoptive brother Loki
90%
Father of the main character Odin
88%
Place Thor is from Asgard
80%
Actor who plays above Tom Hiddleston
76%
Main character's human lover Jane Foster
74%
Upto 2016 how many films has he appeared in? 4
73%
Main team he is associated with Avengers
73%
Actor played by above Natalie Portman
65%
Sentry of the Bifrost Bridge Heimdall
61%
Who has a cameo as a pick up driver Stan Lee
59%
Mental patient cameo Stan Lee
59%
Loki imitates this avenger Captain America
54%
Queen of Asgard Frigga
54%
Thor's childhood friend Sif
53%
Actor played by above Anthony Hopkins
51%
Actor who plays above Idris Elba
49%
Who is king of the Frost Giants Laufey
49%
Male scientist Erik Selvig
46%
The Dark World Ruler of the Dark Elves Malekith
37%
Place on earth in which the film is set New Mexico
37%
The intern Darcy Lewis
33%
Friend of Thor known for his appetite and his girth Volstagg
31%
Friend of Thor's who is a irresponsible swashbuckler and romantic Fandral
29%
Friend of Thor known for his grim demeanor Hogun
27%
Actor who plays above Stellan Skarsgard
26%
What his title is Prince of Asgard
24%
Actress who plays above Rene Russo
24%
Actor who plays above Kat Dennings
20%
Alter ego of above Kurse
16%
Appears in a mid-credit scene Collector
13%
Actress who plays above Jaimie Alexander
12%
Actor who plays above Ray Stevenson
12%
Actor who plays above Josh Dallas
10%
Actor who plays above Colm Feore
9%
Actor of this character Chris Evans
8%
Actor who plays above Benicio del Toro
7%
Above's trusted and loyal leiutenant Algrim
5%
Makes an uncredited cameo Steve Rogers
5%
Where the Dark Elves are from Svartalfheim
5%
An Asgardian physician Eir
4%
Actor of above Alice Krige
2%
The new intern Ian Boothby
2%
Played by Jonathan Howard
2%
Actor who plays above Adewale Akinnouye-Agbaje
0%
Actor who plays above Chrisopher Eccleston
0%
Actor who plays above Tadanaso Asano
0%
No matching quizzes found
Score Distribution
Percent of People with Each Score
Percentile by Number Answered
Your Score History
You have not taken this quiz